000 01968cam a22004454a 4500
001 110105
005 20230410103912.0
008 030424s2003 nyu b 001 0 eng
035 _a13175006
925 0 _aacquire
_b2 shelf copies
_xpolicy default
942 _2lcc
_cbk
010 _a 2003009734
020 _a0415268206
020 _a0415268214 (pbk.)
040 _aDLC
_cDLC
_dDLC
042 _apcc
043 _aa-is---
050 1 4 _a430 DS 113.6
_bS388p 2003
100 1 _aSchulz, Helena Lindholm.
245 1 4 _aThe Palestinian diaspora :
_bformation of identities and politics of homeland /
_cHelena Lindholm Schulz with Juliane Hammer.
250 _a1st ed.
260 _aLondon ;
_aNew York :
_bRoutledge,
_c2003.
300 _axii, 276 p. ;
_c23 cm.
504 _aIncludes bibliographical references (p. 243-266) and index.
505 0 _aBetween nationalism and globalism -- Catastrophe and beyond -- Palestinians in the world -- Stateless, rootless, homeless : meanings of homeland in exile -- Resistance and return : the politics of homeland -- Right of return, the refugees and the collapse of the peace process -- New homes and identities in motion -- Coming home?
650 0 _aPalestinian Arabs.
650 0 _aPalestinian Arabs
_xPolitics and government
_y20th century.
650 0 _aNational liberation movements
_zPalestine.
650 0 _aNational characteristics, Palestinian.
650 0 _aRepatriation
_zPalestine.
650 0 _aRefugees, Palestinian Arab.
651 4 _aPalestina
_xPolĂ­tica y gobierno
_ySiglo XX
651 4 _aPalestina
_xHistoria.
650 4 _aRefugiados
_zPalestina
700 1 _aHammer, Juliane.
856 4 1 _3Table of contents only
_uhttp://www.loc.gov/catdir/toc/ecip043/2003009734.html
856 4 2 _3Publisher description
_uhttp://www.loc.gov/catdir/enhancements/fy0650/2003009734-d.html
963 _aJames McNally; phone: (44) 207 842 2257; email: james.mcnally@tandf.co.uk
946 _aYSL
999 _c28075
_d28075